000
00265nam a22001097a 4500
082
_a
294
100
_a
Danielou, Alain
_9
30947
245
_a
The Myths and Gods of India
260
_a
Delhi
_b
Motilal Banarsidass Pub
_c
1964
650
_a
Religion
_9
79749
942
_c
BK
999
_c
63355
_d
63355